[Event "Let's Play Chess!"]
[Site "http://www.queenalice.com/game.php?id=691561"]
[Date "2009.12.2"]
[Round "-"]
[White "vulture"]
[Black "therota2"]
[Result "1-0"]
[WhiteElo "1577"]
[BlackElo "1485"]

1. e4 e5 2. Nf3 Nc6 3. Bc4 Nh6 4. d3 Bc5 5. O-O O-O 6. Ng5 d6 7. c3 Bg4 8. Nf3
Na5 9. b4 Bxf3 10. Qxf3 Bb6 11. bxa5 Bxa5 12. Bxh6 gxh6 13. Qh5 Qf6 14. a3 Bb6
15. Nd2 c5 16. f4 exf4 17. Rf3 Qxc3 18. Qg4+ Kh8 19. Rd1 Qc2 20. Rxf4 Rg8 21.
Qh5 Rae8 22. Rxf7 Ba5 23. Rff1 Bxd2 24. Bxg8 Be3+ 25. Kh1 Rxg8 26. Qf3 Bd4 27.
Rde1 Qa2 28. g3 Qxa3 29. e5 dxe5 30. Qf6+ Rg7 31. Qd8+ Rg8 32. Qf6+ Rg7 33. Re4
Qxd3 34. Rfe1 c4 35. Rg4 e4 36. Qf8+ Rg8 37. Qxg8# 1-0

[Event "Challenge"]
[Site "http://www.queenalice.com/game.php?id=693557"]
[Date "2009.12.5"]
[Round "-"]
[White "lat47"]
[Black "vulture"]
[Result "0-1"]
[WhiteElo "1733"]
[BlackElo "1605"]

1. e4 e5 2. b3 Nc6 3. c3 Nf6 4. f3 Bc5 5. Nh3 d6 6. Bb5 Bxh3 7. Bxc6+ bxc6 8.
gxh3 O-O 9. d4 exd4 10. cxd4 Bb6 11. Rg1 Nh5 12. Rg4 Nf6 13. Rg2 Re8 14. Nc3 Ba5
15. Bd2 d5 16. Qe2 dxe4 17. Nxe4 Bb6 18. Nxf6+ Qxf6 19. Be3 Bxd4 20. Rd1 Rxe3
21. Qxe3 Bxe3 22. Rd3 Qxf3 0-1

[Event "Let's Play Chess!"]
[Site "http://www.queenalice.com/game.php?id=694158"]
[Date "2009.12.7"]
[Round "-"]
[White "vulture"]
[Black "dtrainey"]
[Result "0-1"]
[WhiteElo "1626"]
[BlackElo "1615"]

1. e4 e5 2. Nf3 Nc6 3. Bc4 Bc5 4. O-O h6 5. Re1 Qf6 6. d3 Nge7 7. c3 a6 8. b4
Bb6 9. Ba3 Ng6 10. Nbd2 Nh4 11. d4 exd4 12. cxd4 Nxd4 13. e5 Qf5 14. Re4 Nhxf3+
15. Kh1 Qxe4 16. Be2 Qxe2 17. gxf3 Qxd1+ 18. Rxd1 d6 19. exd6 cxd6 20. Re1+ Be6
21. b5 Nc2 22. Rg1 Nxa3 23. Rxg7 O-O-O 24. Rg3 Rdg8 25. Ne4 Rxg3 26. fxg3 Bc5
0-1

[Event "Let's Play Chess!"]
[Site "http://www.queenalice.com/game.php?id=700576"]
[Date "2009.12.20"]
[Round "-"]
[White "strontcan"]
[Black "vulture"]
[Result "1-0"]
[WhiteElo "1413"]
[BlackElo "1610"]

1. e4 e5 2. Nf3 Nc6 3. Bc4 Bc5 4. c3 Nf6 5. d3 O-O 6. O-O d6 7. Bg5 a6 8. b4 Ba7
9. Nbd2 Qe7 10. Nb3 Nb8 11. Re1 b5 12. Rc1 bxc4 13. dxc4 Be6 14. Qe2 c5 15. bxc5
dxc5 16. Nxe5 Nbd7 17. Nxd7 Bxd7 18. e5 Bc6 19. exf6 Qe6 20. Qxe6 fxe6 21. fxg7
Rf7 22. Rxe6 Bd7 23. Re7 Rxg7 24. Rxg7+ Kxg7 25. Be7 Re8 26. Bxc5 Bb8 27. Bd4+
Kf7 28. h3 Rg8 29. Kf1 Bc6 30. g4 Bh2 31. Re1 Kg6 32. Re6+ Kf7 33. Rxc6 Ke7 34.
Nc5 Rb8 35. Re6+ Kf7 36. Rxa6 Rb1+ 37. Kg2 Bf4 38. Rf6+ Ke7 39. Rxf4 1-0

[Event "Challenge"]
[Site "http://www.queenalice.com/game.php?id=701673"]
[Date "2009.12.22"]
[Round "-"]
[White "lat47"]
[Black "vulture"]
[Result "1-0"]
[WhiteElo "1628"]
[BlackElo "1610"]

1. e4 e5 2. Nf3 Nc6 3. Bb5 Bc5 4. O-O Nf6 5. Nc3 O-O 6. h3 d6 7. Bxc6 bxc6 8. d3
a5 9. a3 Ba6 10. Re1 Ba7 11. Be3 c5 12. Rb1 c6 13. b4 axb4 14. axb4 Bb7 15. bxc5
dxc5 16. Rxb7 Qc8 17. Rb2 Rd8 18. Qe2 Qa6 19. Ra2 Qc8 20. Rea1 Rd7 21. Na4 Qc7
22. Bxc5 Qb8 23. Bxa7 Raxa7 24. Kh2 Nh5 25. g3 Qd6 26. Nh4 h6 27. Qxh5 Qd4 28.
Kg2 Rd6 29. Qg4 Rf6 30. Qc8+ Kh7 31. Nf5 g6 32. Nxd4 exd4 33. Qd8 Kg7 34. Nc5
Rxa2 35. Rxa2 1-0

[Event "Espião 007"]
[Site "http://www.queenalice.com/game.php?id=707966"]
[Date "2010.1.4"]
[Round "-"]
[White "jw16js"]
[Black "vulture"]
[Result "0-1"]
[WhiteElo "1564"]
[BlackElo "1635"]

1. Nc3 d5 2. d4 Nf6 3. f3 c6 4. Bf4 e6 5. e4 Be7 6. e5 Nfd7 7. Bd3 f6 8. exf6
Bxf6 9. Bxb8 Nxb8 10. Nge2 O-O 11. Nf4 Bxd4 12. Nce2 Qg5 13. g3 e5 14. h4 Qf6
15. c3 Be3 16. Qa4 exf4 17. gxf4 Re8 18. f5 Bxf5 19. Bxf5 Qxf5 20. b4 Qxf3 21.
Kd1 Qxh1+ 22. Kc2 Qxa1 23. Kd3 Qh1 24. b5 Re4 25. Qb3 Re5 26. Qb4 Qd1# 0-1

[Event "Let's Play Chess!"]
[Site "http://www.queenalice.com/game.php?id=708261"]
[Date "2010.1.4"]
[Round "-"]
[White "kre"]
[Black "vulture"]
[Result "0-1"]
[WhiteElo "1467"]
[BlackElo "1624"]

1. e4 e5 2. Bc4 Nf6 3. Nc3 Bc5 4. Qf3 O-O 5. d3 d6 6. Bd2 Bg4 7. Qg3 Nc6 8. Na4
Qd7 9. f3 Bh5 10. O-O-O a6 11. Rf1 b5 12. Bxf7+ Rxf7 13. Nc3 Bd4 14. Nh3 a5 15.
Nxb5 Bb6 16. f4 Nb4 17. Bxb4 axb4 18. c4 Rxa2 19. Kd2 Rxb2+ 20. Ke1 Rb1+ 21. Kd2
Rb2+ 22. Kc1 Ra2 23. fxe5 Ne8 24. Rxf7 Qxf7 25. Kb1 Rd2 26. Nf4 dxe5 27. Nxh5
Rxd3 28. Qxe5 Rb3+ 29. Kc2 Qxc4+ 30. Kd2 Qd3+ 31. Kc1 Be3# 0-1

[Event "Let's Play Chess!"]
[Site "http://www.queenalice.com/game.php?id=708642"]
[Date "2010.1.5"]
[Round "-"]
[White "lennygabin"]
[Black "vulture"]
[Result "1-0"]
[WhiteElo "1469"]
[BlackElo "1624"]

1. e4 e5 2. Nf3 Nc6 3. c3 Bc5 4. d4 exd4 5. cxd4 Nxd4 6. Nxd4 d6 7. Nc3 Nf6 8.
Bg5 O-O 9. Bc4 Re8 10. Qf3 Bxd4 11. Nb5 c6 12. Nxd4 d5 13. O-O dxc4 14. Nf5 Rxe4
15. Rad1 Qe8 16. Nd6 Qe7 17. Nxe4 Be6 18. Nxf6+ Kh8 19. Ne4 f6 20. Bc1 Rf8 21.
Bf4 f5 22. Bd6 fxe4 23. Bxe7 Rxf3 24. Rd8+ Bg8 25. gxf3 1-0

[Event "HAPPY 2010 !"]
[Site "http://www.queenalice.com/game.php?id=708713"]
[Date "2010.1.5"]
[Round "-"]
[White "vulture"]
[Black "filipewao"]
[Result "1-0"]
[WhiteElo "1610"]
[BlackElo "1571"]

1. e4 e5 2. Nf3 Nc6 3. Bc4 Nh6 4. O-O Bc5 5. c3 d6 6. d4 O-O 7. dxc5 Bg4 8. Bxh6
gxh6 9. Nbd2 Qf6 10. h3 Bxf3 11. Nxf3 Kh8 12. Qd3 Rae8 13. b4 a6 14. Rab1 b5 15.
Bd5 Ne7 16. cxd6 cxd6 17. a4 Ng6 18. Ra1 Nf4 19. Qd2 Nxg2 20. Kxg2 Rg8+ 21. Kh2
Qg6 22. Rg1 Qh5 23. Rg3 Rxg3 24. Kxg3 Rg8+ 25. Kh2 Qxf3 26. Rg1 Rxg1 27. Kxg1
Qxh3 28. Bxf7 bxa4 29. Qxd6 Qc8 30. Qf6# 1-0

[Event "Let's Play Chess!"]
[Site "http://www.queenalice.com/game.php?id=710495"]
[Date "2010.1.8"]
[Round "-"]
[White "vulture"]
[Black "microcephalec"]
[Result "1-0"]
[WhiteElo "1684"]
[BlackElo "1548"]

1. e4 c5 2. d4 cxd4 3. c3 dxc3 4. Nxc3 d6 5. Bc4 Nc6 6. Nf3 Nf6 7. O-O e6 8. Re1
Bd7 9. Bg5 Be7 10. a3 O-O 11. b4 Nxe4 12. Bxe7 Qxe7 13. Rxe4 d5 14. Bxd5 Qf6 15.
Bxc6 Bxc6 16. Re3 Rfd8 17. Qe1 Bxf3 18. Rxf3 Qd4 19. Rd1 Qc4 20. Rc1 Rac8 21.
Rg3 Qd4 22. b5 h5 23. Rh3 e5 24. Rxh5 Rxc3 25. h4 Rxa3 26. g3 Rxg3+ 27. Kh2 Qf4
28. fxg3 Rd2+ 29. Kh3 Rd3 30. Rc8+ 1-0

[Event "Challenge"]
[Site "http://www.queenalice.com/game.php?id=715111"]
[Date "2010.1.17"]
[Round "-"]
[White "filipewao"]
[Black "vulture"]
[Result "0-1"]
[WhiteElo "1557"]
[BlackElo "1673"]

1. e4 e5 2. Nf3 Nc6 3. Bb5 Bc5 4. c4 d6 5. b3 Bd7 6. Bxc6 Bxc6 7. d4 exd4 8.
Nxd4 Bxe4 9. f3 Bg6 10. O-O Ne7 11. Qe2 Bxd4+ 12. Kh1 Bxa1 13. Bb2 Bxb2 14. Qxb2
O-O 15. h4 Nf5 16. g4 Qxh4+ 17. Kg2 Qg3+ 18. Kh1 Nh4 19. Rf2 Nxf3 20. Rg2 Qe1+
21. Rg1 Qxg1# 0-1

[Event "Challenge"]
[Site "http://www.queenalice.com/game.php?id=717918"]
[Date "2010.1.21"]
[Round "-"]
[White "vulture"]
[Black "cdare"]
[Result "0-1"]
[WhiteElo "1648"]
[BlackElo "1682"]

1. e4 e5 2. Nf3 Nc6 3. Bc4 Bc5 4. O-O Nf6 5. d3 h6 6. Re1 a6 7. c3 d6 8. d4 Ba7
9. d5 Ne7 10. Nbd2 O-O 11. Nb3 Ng4 12. Re2 b5 13. Bd3 Bd7 14. Bd2 Ng6 15. Na5
Rb8 16. b4 Nh4 17. Kh1 Nxf3 18. gxf3 Nxf2+ 19. Rxf2 Bxf2 20. Qf1 Qh4 21. Be1
Bxe1 22. Rxe1 Bh3 23. Qg1 Qf4 24. Nc6 Qxf3+ 0-1

[Event "Let's Play 2"]
[Site "http://www.queenalice.com/game.php?id=718286"]
[Date "2010.1.22"]
[Round "-"]
[White "vulture"]
[Black "digger"]
[Result "0-1"]
[WhiteElo "1687"]
[BlackElo "1580"]

1. e4 e5 2. Nf3 d6 3. Bc4 Qe7 4. O-O Be6 5. Be2 Nc6 6. c3 O-O-O 7. b3 g6 8. b4
d5 9. d3 dxe4 10. a4 exf3 11. Bxf3 Bf5 12. Ba3 Qe6 13. d4 e4 14. Re1 Nf6 15. Nd2
Re8 16. c4 Nxd4 17. Bb2 Nxf3+ 18. Nxf3 Qxc4 19. Bxf6 Rg8 20. Nd4 Bxb4 21. Rc1
Qd5 22. Rb1 Bxe1 23. Qxe1 Qd6 24. Nxf5 Qxf6 25. Ne3 Rd8 26. Qb4 Qd6 27. Qxb7+
Kd7 28. Rd1 Qxd1+ 29. Nxd1 Ke8 30. Qxe4+ Kf8 31. Qc2 Kg7 32. g4 Rd7 33. Ne3 Rgd8
34. Qc3+ Kg8 35. Kg2 h6 36. h4 a6 37. g5 hxg5 38. Ng4 Re7 39. Nh6+ Kh7 40. hxg5
Rd5 41. Qf6 Red7 42. Nxf7 Kg8 43. Qxg6+ Kf8 44. Qf6 Rxf7 45. Qe6 Rxg5+ 46. Kf1
Rgf5 47. Qe2 Rxf2+ 48. Qxf2 Rxf2+ 49. Kxf2 Ke7 50. Ke3 Kd6 51. Kd4 c5+ 52. Kc4
Kc6 53. Kc3 Kd5 54. Kd3 c4+ 55. Kc3 a5 56. Kd2 Kd4 57. Kc2 Kd5 58. Kc3 Kc5 59.
Kc2 Kb4 60. Kb2 Kxa4 61. Kc3 Kb5 62. Kb2 Kb4 63. Kc2 a4 64. Kb2 a3+ 65. Ka2 Ka4
66. Ka1 Kb3 67. Kb1 c3 68. Ka1 Kc4 69. Kb1 Kb4 70. Ka2 c2 0-1

[Event "Challenge"]
[Site "http://www.queenalice.com/game.php?id=720336"]
[Date "2010.1.25"]
[Round "-"]
[White "vulture"]
[Black "filipewao"]
[Result "1-0"]
[WhiteElo "1695"]
[BlackElo "1560"]

1. e4 e5 2. Nf3 Nc6 3. Bc4 h6 4. d3 Bc5 5. O-O Nf6 6. c3 O-O 7. Re1 Ng4 8. Re2
a6 9. b4 Bd6 10. h3 Nf6 11. Be3 b5 12. Bb3 a5 13. a3 axb4 14. cxb4 Na7 15. Nc3
Be7 16. Nxe5 Bd6 17. Ng6 Re8 18. Bd4 Nh5 19. Re3 Bf4 20. Nxf4 Nxf4 21. Rf3 Qg5
22. Rg3 Qh5 23. Rxg7+ Kf8 24. Rxf7+ Kg8 25. Rf5+ Kh7 26. Rxh5 Nxh5 27. Qxh5 Re7
28. Qf5# 1-0

[Event "Hello there!"]
[Site "http://www.queenalice.com/game.php?id=720760"]
[Date "2010.1.26"]
[Round "-"]
[White "vulture"]
[Black "tranquilli_calmo"]
[Result "0-1"]
[WhiteElo "1667"]
[BlackElo "2015"]

1. e4 Nf6 2. e5 Nd5 3. Nf3 d6 4. c4 Nb6 5. Nc3 Bg4 6. d4 dxe5 7. Bd3 exd4 8. Ne4
e5 9. O-O f5 10. Ned2 e4 11. Re1 Be7 12. Nxe4 fxe4 13. Bxe4 c6 14. Qd3 O-O 15.
Bxh7+ Kh8 16. Qg6 Rf6 17. Qxg4 Kxh7 18. Ng5+ Kh8 19. Qh4+ Rh6 20. Qe4 Bxg5 21.
Bxg5 Qxg5 22. Qe8+ Kh7 23. Re7 N8d7 24. Qf7 Rf6 25. Qxg7+ Qxg7 26. Rxg7+ Kxg7
27. Rd1 Re6 28. b3 Rae8 29. h3 Re1+ 30. Rxe1 Rxe1+ 31. Kh2 d3 32. c5 Nxc5 0-1

[Event "BART vs VULTURE"]
[Site "http://www.queenalice.com/game.php?id=721215"]
[Date "2010.1.27"]
[Round "-"]
[White "bartataca"]
[Black "vulture"]
[Result "1-0"]
[WhiteElo "1679"]
[BlackElo "1637"]

1. e4 e5 2. Bc4 Nf6 3. d3 Bc5 4. h3 d6 5. Nf3 a6 6. Ng5 O-O 7. Nc3 b5 8. Bb3
Nbd7 9. Nxf7 Rxf7 10. O-O Bb7 11. Bxf7+ Kxf7 12. Qf3 Kg8 13. Qg3 Nh5 14. Qg4
Nhf6 15. Qe6+ Kh8 16. Ne2 d5 17. Ng3 Bc8 18. Qf5 Nf8 19. Qxe5 Bd6 20. Qg5 Be7
21. Nf5 Bxf5 22. exf5 Ne4 23. Qg4 Nd6 24. Qd4 Nxf5 25. Qe5 Nd6 26. Qxd5 Rc8 27.
Qd4 Bf6 28. Qa7 Ra8 29. Qc5 Ne6 30. Qe3 Qe7 31. Qg3 Nf5 32. Qf3 Rf8 33. Qxf5
Bxb2 34. Qe5 Rf5 35. Qxb2 Qh4 36. Be3 Kg8 37. Rfe1 1-0

[Event "Challenge"]
[Site "http://www.queenalice.com/game.php?id=726582"]
[Date "2010.2.6"]
[Round "-"]
[White "filipewao"]
[Black "vulture"]
[Result "1-0"]
[WhiteElo "1559"]
[BlackElo "1709"]

1. e4 e5 2. Nf3 Nc6 3. Bc4 Bc5 4. d3 Nf6 5. Bg5 O-O 6. O-O d6 7. Nc3 a6 8. Nd5
b5 9. Nxf6+ gxf6 10. Bh6 Kh8 11. Bxf8 Qxf8 12. Bd5 Bd7 13. c3 Qg7 14. g3 Rg8 15.
d4 Ne7 16. dxc5 c6 17. cxd6 Nc8 18. Bxc6 Bxc6 19. d7 Bxd7 20. Qxd7 Nb6 21. Qb7
Nc4 22. b3 Nd6 23. Qxa6 Nxe4 24. Rac1 h5 25. Nh4 Qg5 26. Qxb5 Nd6 27. Qd7 Ne4
28. Qxf7 Nd6 29. Qa7 Qxh4 30. Rcd1 Qg5 31. Rxd6 h4 32. Rd7 Rg7 33. Rfd1 hxg3 34.
fxg3 f5 35. Rxg7 Qe3+ 36. Qxe3 Kxg7 37. Qb6 1-0

[Event "Challenge"]
[Site "http://www.queenalice.com/game.php?id=731248"]
[Date "2010.2.13"]
[Round "-"]
[White "vulture"]
[Black "filipewao"]
[Result "0-1"]
[WhiteElo "1652"]
[BlackElo "1621"]

1. e4 e5 2. Nf3 Nc6 3. Bc4 Bc5 4. O-O h6 5. c3 d6 6. d4 Bb6 7. d5 Nce7 8. a3 Bg4
9. b4 c6 10. Nbd2 cxd5 11. Re1 d4 12. cxd4 exd4 13. Bb5+ Nc6 14. Bc4 Nf6 15. Qb3
O-O 16. e5 dxe5 17. Bb2 Qd7 18. Rad1 Bc7 19. a4 a6 20. a5 Rae8 21. Ba3 e4 22. b5
Ne7 23. Bc5 axb5 24. Bxb5 Be6 25. Bxd7 Bxb3 26. Nxb3 Nxd7 27. Rxe4 Nxc5 28. Nxc5
Ra8 29. Rxe7 Bd6 30. Re2 Bxc5 31. Rc2 Rxa5 32. Nxd4 Rd8 33. Rc4 Bxd4 34. Rcxd4
Rxd4 35. Rc1 b5 36. h3 b4 37. g3 b3 38. Rb1 Rb4 39. Kg2 b2 40. Kf3 Ra1 0-1

[Event "Let's Play Chess!"]
[Site "http://www.queenalice.com/game.php?id=737321"]
[Date "2010.2.25"]
[Round "-"]
[White "vulture"]
[Black "boogaloo"]
[Result "1-0"]
[WhiteElo "1633"]
[BlackElo "1331"]

1. e4 e5 2. Nf3 d5 3. Nxe5 Bd6 4. d4 Bxe5 5. dxe5 Ne7 6. exd5 Qxd5 7. Qxd5 Nxd5
8. Bc4 c6 9. O-O Be6 10. b3 Nd7 11. Ba3 Nxe5 12. Bb2 f6 13. Bxe5 fxe5 14. Nd2 b5
15. Bxd5 cxd5 16. Rae1 O-O 17. Rxe5 Rae8 18. f4 Rf5 19. Rfe1 Rxe5 20. fxe5 Rc8
21. Rc1 a5 22. Nf3 h6 23. Nd4 Kf7 24. h3 Ke7 25. Nxb5 Kf7 26. Nd6+ 1-0